000 00734nam a2200265Ia 4500
003 OSt
005 20221006142719.0
006 a|||||r|||| 00| 0
007 ta
008 221006b |||||||| |||| 00| 0 eng d
020 _c¥1940
024 _a7,009
037 _bGift, Japan Foundation
_cTextual
040 _aEASL
_cEASL
_beng
041 _2eng
_aeng
082 _aQ457y7622, K6
100 _aANESAKI Masaharu
_9335587
245 0 _aNichiren
_b The Buddhist prophet
260 _aPrinceton
_bHarvard University Press
_c1966
300 _a172p.
_ccm.
490 _v Gen
650 _aGen
942 _hQ457y7622, K6
_cTEXL
_2CC
999 _c1075095
_d1075095